Eye openers : minibeasts

Bibliographic Details
Main Author: Royston, Angela
Format: Book
Published: London : Dorling Kindersley , 1992
Series:Eye openers
Subjects:

MARC

LEADER 00000cam a2200000 7i4500
001 0000000951
002 000001058
005 20060120.0
020 |a 0863188745 
090 0 0 |a 001   |b EYE 
100 1 |a Royston, Angela 
245 1 0 |a Eye openers :   |b minibeasts   |c Angela Royston 
260 |a London :   |b Dorling Kindersley ,   |c 1992 
300 |a 21p. ;   |c 23cm. 
490 0 |a Eye openers 
650 0 0 |a Insects   |x Juvenile literature 
650 0 0 |a Minibeasts   |x Juvenile literature 
999 |a 029650   |b BUKU   |c JUNIOR BOOKS   |e PERPUSTAKAAN KOMUNITI PETALING JAYA 
999 |a 031058   |b BUKU   |c JUNIOR BOOKS   |e PERPUSTAKAAN KOMUNITI PETALING JAYA